000
00204 a2200097 4500
001
12231
100
_a
Qura-tu-Ain Haider
245
_a
Chaandni Begum
260
_a
_b
Sang-e-Meel
_c
090
_c
9460
_d
9460
942
_a
NUST-CAE
_c
M
_c
36334
999
_c
247304
_d
247304